000 00744nas a2200277 4500
001 BR0001473
003 BR-BrBNA
005 20231205101802.0
007 ta
008 230509b bl.|||p| |||| 00| 00por d
040 _aBR-BrBNA
_bpor
_cBiblioteca Nacional de Agricultura
041 _a(Pt)
072 _aE12
100 1 _aRego, A.A.
100 1 _aOliveira, E.G. de
100 1 _aVale, G.M.V.
100 1 _aTavares, M.C.
100 1 _aStilpen, P.C.
245 1 _aEm familia
650 _aEmprego
650 _aEmpresa Agricola
650 _aAgricultura Familiar
773 0 _tAgroanalysis (Brazil)
_xISSN 0100-4298
_g(Jan 1999), v. 19(1) p. 65-70
_wBR0001473
909 _a202311
_bLúcia
_c55
_dLúcia Elande
942 _2AGRIS
_n0
_cANA
999 _c163889
_d163889